Responses for Show #5128 - Wednesday, December 20, 2006

Steve Unite game 3.

Contestants

[<< previous game]

Sherri Schottlaender, an editor from San Diego, California

Jen Anders, a pediatrician from Baltimore, Maryland

Steve Unite, a writer from Studio City, California (whose 2-day cash winnings total $42,404)

[next game >>]

Jeopardy! Round responses

A DECEMBER TO REMEMBER
THE "O"NLY VOWEL
(Alex: Notice the "O" in quotation marks. That will be the only vowel coming up in each correct response.)
BEVERAGES
FLIGHTLESS BIRDS
GOLD
MC J-GIL IN DA HIZZ-OUSE (FEAT. DJ T-BEK)
(Alex: Yeah, that's a mouthful.) [Johnny Gilbert delivers all the clues in the category.]
    $200 3
Atlanta

Sherri
    $200 7
Loch

Jen
    $200 1
Royal Crown

Sherri
    $200 26
(Jen: What's the emu?)
...
(Alex: New Zealand.)

the kiwi

SteveJen
    $200 19
(Alex: We're gonna have to get back to it.)

karats

Jen
    $200 16
Eminem

Sherri
    $400 11
Bethlehem

Sherri
    $400 8
folk

Sherri
    $400 2
Perrier

Steve
    $400 27
the emu

Steve
    $400 22
an ingot

Jen
    $400 17
Vanilla Ice

Jen
    $600 12
Chicago

Steve
    $600 9
doff

Jen
    $600 4
root beer

Sherri
    $600 28
(Sherri: What is the emperor penguin?)

the rhea

Sherri
Triple Stumper
    $600 23
(Sherri: What is an eagle?)
...
(Alex: Three under par, not two.)

double eagle

SteveSherri
    $600 18
(Steve: That's enough of that.)

Will Smith

Steve
    $800 13
Sam Adams

Steve
    $800 10
a conch

Steve
    $800 5
(Jen: Who are the Spaniards?)
...
(Alex: Who were [*]? The Ottoman.)

the Turks

Jen
Triple Stumper
    $800 29
(Alex: And that was the famous [*].)

dodo

Triple Stumper
    $800 24
El Dorado

Steve
    $800 20
50 Cent

Triple Stumper
    $1,000 14
Macao

Steve
    $1000 15
a host

Steve
    $1000 6
iced tea and lemonade

Sherri
    $1000 30
(Alex: A very distinct-looking bird--[*]. [*]. Big--ew.)

the cassowary

Triple Stumper
    $1000 25
alchemists

Steve
    $1000 21
(Steve: He wasn't that bad.)
(Alex: You wish there were more of these, I know. Johnny is great at this stuff.)

The Sugarhill Gang

Steve

Scores at the first commercial break (after clue 15):

Steve Jen Sherri
$4,600 $0 $2,800

Scores at the end of the Jeopardy! Round:

Steve Jen Sherri
$9,200 $800 $1,800

Double Jeopardy! Round responses

TOO BIG FOR YOUR BRIDGES
FILM GODS
(Alex: Tell us who played God in each movie.)
RENAISSANCE MEN
BOOKS & AUTHORS
(Alex: For each clue you have to give us...)
THE CONGRESSIONAL FAMILY NAME
"AR" WORDS
    $400 16
the Pacific Ocean

Steve
    $400 21
George Burns

Steve
    $400 9
monarchy

Jen
    $400 3
(Mickey) Spillane

Steve
    $400 8
Kennedy

Sherri
    $400 1
a jaguar

Jen
    $800 17
Lake Superior

Jen
    $800 22
Charlton Heston

Steve
    $500 11
Florence

Sherri
    $800 4
Sigmund Freud

Triple Stumper
    $800 10
Bush

Sherri
    $800 2
a farce

Steve
    $800 18
the Indian Ocean

Jen
    $1200 23
Val Kilmer

Triple Stumper
    $1200 12
Machiavelli

Steve
    $1200 5
John Updike

Steve
    $1200 13
Udall

Steve
    $1200 24
the registrar

Steve
    $1600 19
(Sherri: What is the Red Sea?)
...
(Alex: Wrong color, Sherri, that's all. Just...it's all in a color.)

the Black Sea

Sherri
Triple Stumper
    $1600 29
Alanis Morissette

Jen
    $1600 27
(Steve: Who is Galileo?)
...
(Alex: The last breath of [*], now in the French court.)

Leonardo da Vinci

Steve
Triple Stumper
    $1600 6
(Jen: Who is Zane Grey?)

Louis L'Amour

Jen
Triple Stumper
    $1600 14
Murkowski

Steve
    $1600 25
anarchy

Sherri
    $2000 20
the Bering (Strait)

Sherri
    $2000 30
Morgan Freeman

Jen
    $2000 28
Sir Walter Raleigh

Triple Stumper
    $2000 7
L'Etranger or The Stranger

Triple Stumper
    $2000 15
Chafee

Steve
    $2000 26
Argus

Jen

Scores at the end of the Double Jeopardy! Round:

Steve Jen Sherri
$18,800 $7,200 $5,500
(lock game)

[wagering suggestions for these scores]

Final Jeopardy! Round responses

TECHNOLOGY
(Alex: Don't need to send 'em anymore--we have 'puters and cell phones and e-mail and all that stuff.)
...
(Alex: Yes, Samuel Morse sent the first one and Western Union sent the last one earlier this year.)
SherriWhat is a telegram
$5,450
JenWhat is telegraph message?
$3,801
SteveWhat is a telegram?
$3,200
a telegram

Final scores:

Steve Jen Sherri
$22,000 $11,001 $10,950
3-day champion: $64,404 2nd place: $2,000 3rd place: $1,000

Game dynamics:

Coryat scores:

Steve Jen Sherri
$18,800 $7,600 $5,800
24 R
(including 1 DD),
1 W
12 R
(including 1 DD),
3 W
12 R
(including 1 DD),
3 W

Combined Coryat: $32,200

[game clues] [game scores] [suggest correction]

Game tape date: 2006-10-24
The J! Archive is created by fans, for fans. Scraping, republication, monetization, and malicious use prohibited; this site may use cookies and collect identifying information. See terms. The Jeopardy! game show and all elements thereof, including but not limited to copyright and trademark thereto, are the property of Jeopardy Productions, Inc. and are protected under law. This website is not affiliated with, sponsored by, or operated by Jeopardy Productions, Inc. Join the discussion at JBoard.tv.